Bernanos altermondialiste (notice n° 1622631)

détails MARC
000 -LEADER
fixed length control field 01638cam a2200169 4500500
005 - DATE AND TIME OF LATEST TRANSACTION
control field 20260111092046.0
041 ## - LANGUAGE CODE
Language code of text/sound track or separate title fre
042 ## - AUTHENTICATION CODE
Authentication code dc
100 10 - MAIN ENTRY--PERSONAL NAME
Personal name Daudin, Claire
Relator term author
245 00 - TITLE STATEMENT
Title Bernanos altermondialiste
260 ## - PUBLICATION, DISTRIBUTION, ETC.
Date of publication, distribution, etc. 2011.<br/>
500 ## - GENERAL NOTE
General note 25
520 ## - SUMMARY, ETC.
Summary, etc. Dans ses romans comme dans ses écrits de combat, Bernanos disqualifie nos façons de penser, de panser la pauvreté. Il ne nous incite pas à soulager les pauvres, encore moins à les enrichir, ce qui serait intégrer ces irréductibles à un monde qu’ils contestent par leur seule existence. En appelant à honorer le pauvre, c’est bien un autre monde qu’il promeut. Un monde qui défie la primauté de l’argent ; un monde que l’Église aurait dû préfigurer, mais dont l’écrivain en révolte confie les destinées « aux mains des nations pauvres ».
520 ## - SUMMARY, ETC.
Summary, etc. In his novels as in his écrits de combat, Bernanos discredits our ways of thinking, -of covering up poverty. He does not encourage us to relieve the poor, still less to enrich them ; that would be to integrate these intractable people into a world which they challenge by their sole existence. By calling us to honour the poor, it is another world which he is promoting. This is a world which defies the primacy of money ; it is a world which the Church should have prefigured but whose destiny the writer, in rebellion, entrusts “into the hands of poor nations”.
786 0# - DATA SOURCE ENTRY
Note Nouvelle revue théologique | 133 | 1 | 2011-01-10 | p. 89-101 | 0029-4845
856 41 - ELECTRONIC LOCATION AND ACCESS
Uniform Resource Identifier <a href="https://shs.cairn.info/revue-nouvelle-revue-theologique-2011-1-page-89?lang=fr&redirect-ssocas=7080">https://shs.cairn.info/revue-nouvelle-revue-theologique-2011-1-page-89?lang=fr&redirect-ssocas=7080</a>

Pas d'exemplaire disponible.

PLUDOC

PLUDOC est la plateforme unique et centralisée de gestion des bibliothèques physiques et numériques de Guinée administré par le CEDUST. Elle est la plus grande base de données de ressources documentaires pour les Étudiants, Enseignants chercheurs et Chercheurs de Guinée.

Adresse

627 919 101/664 919 101

25 boulevard du commerce
Kaloum, Conakry, Guinée

Réseaux sociaux

Powered by Netsen Group @ 2025